| 000 | 00606nam a2200181 i 4500 | ||
|---|---|---|---|
| 001 | 62123 | ||
| 003 | ES-MaACL | ||
| 005 | 20230906164618.0 | ||
| 007 | t| | ||
| 008 | 031118q1930 sp ||||1| spa d | ||
| 100 | 1 |
_aFauzi, Maluf. _948988 |
|
| 245 | 1 | 0 |
_aEn la Alcatifa de los vientos _b: poema árabe / _cpor Maluf Fauzi ; versión española de Francisco Villaespesa ; [ilustraciones de Ally Ignatovich]. |
| 260 |
_a[S.l. : _bs.n., _c1930] |
||
| 300 |
_a150 p. : _bretr. aut. ; _c23 cm. |
||
| 700 | 1 |
_aVillaespesa, Francisco. _9114917 |
|
| 700 | 1 |
_aIgnatovich, Ally. _965149 |
|
| 852 |
_aES-MaACL _jA-4618 |
||
| 999 |
_c62123 _d62123 |
||